| 000 | 00974nas a2200301 4500 | ||
|---|---|---|---|
| 001 | BR2014004256 | ||
| 003 | BR-BrBNA | ||
| 005 | 20231205124227.0 | ||
| 007 | ta | ||
| 008 | 230509b bl.|||p| |||| 00| 00por d | ||
| 040 |
_aBR-BrBNA _bpor _cBiblioteca Nacional de Agricultura |
||
| 041 | _a(Pt) | ||
| 072 | _aP36; P33 | ||
| 100 | 1 | _aBertol, I. | |
| 100 | 1 | _aMello, E.L. | |
| 100 | 1 | _aCogo, N.P. | |
| 100 | 1 | _aVázquez, E. | |
| 100 | 1 | _aGonzalez, A.P. | |
| 245 | 1 | _aParâmetros relacionados com a erosão hídrica sob taxa constante da enxurrada em diferentes métodos de preparo do solo | |
| 650 | _aEROSÃO HÍDRICA | ||
| 650 | _aCHUVA ARTIFICIAL | ||
| 650 | _aÁGUA | ||
| 650 | _aINFILTRAÇÃO | ||
| 773 | 0 |
_tRevista Brasileira de Ciência do Solo (Brazil) _xISSN 0100-0683 _g(Jul-Aug 2006), v. 30(4) p. 715-722 _wBR2014004256 |
|
| 856 | 4 | 0 | _uhttp://www.scielo.br/pdf/rbcs/v30n4/12.pdf |
| 909 |
_a202311 _bLúcia _c55 _dLúcia Elande |
||
| 942 |
_2AGRIS _n0 _cANA |
||
| 999 |
_c237978 _d237978 |
||